Sports Quiz

Random Sports or Hockey Quiz

NHL Team by Stanley Cup Years Quiz Stats

 Plays Quiz Updated Jul 13, 2019

Score 0/31 Timer 05:00
9 Plays Today
% Correct
Arizona Coyotes
90.5%
Vegas Golden Knights
87.9%
Columbus Blue Jackets
86.6%
Montreal Canadiens
86.6%
Buffalo Sabres
84.3%
Minnesota Wild
84.1%
Nashville Predators
83.7%
Winnipeg Jets
82.9%
Pittsburgh Penguins
82.9%
Washington Capitals
82.3%
Florida Panthers
82%
Chicago Blackhawks
81.8%
Boston Bruins
81.7%
San Jose Sharks
81%
Detroit Red Wings
80.8%
Toronto Maple Leafs
80%
% Correct
St. Louis Blues
78.4%
Vancouver Canucks
78.1%
Los Angeles Kings
76.2%
New York Rangers
74.4%
Ottawa Senators
74%
Edmonton Oilers
71.3%
New York Islanders
71.3%
Philadelphia Flyers
68%
Colorado Avalanche
65.7%
Dallas Stars
65.2%
Carolina Hurricanes
64.6%
Calgary Flames
63.9%
Anaheim Ducks
62.8%
New Jersey Devils
62.4%
Tampa Bay Lightning
58.5%

You're not logged in!

Compare scores with friends on all Sporcle quizzes.
OR
Log In

Show Comments

Extras

Top Quizzes Today


Score Distribution

Your Account Isn't Verified!

In order to create a playlist on Sporcle, you need to verify the email address you used during registration. Go to your Sporcle Settings to finish the process.

Report this User

Report this user for behavior that violates our Community Guidelines.

Details: